Бизнес со скоростью мысли. Как добиться успеха в информационную эру: пер. с англ.

Bibliographic Details
Main Author: Гейтс Б. (У.) Билл (Уильям)
Other Authors: Хемингуэй К. Коллинз
Language:Russian
Published: Москва, ЭКСМО-Пресс, 2001
Edition:2-е изд., исправл.
Subjects:
Format: Book
KOHA link:https://koha.lib.tpu.ru/cgi-bin/koha/opac-detail.pl?biblionumber=37769

MARC

LEADER 00000nam0a2200000 4500
001 37769
005 20231101210443.0
010 |a 504006117X 
035 |a (RuTPU)RU\TPU\book\38360 
090 |a 37769 
100 |a 20020130d2001 km y0rusy50 ca 
101 1 |a rus  |c eng 
102 |a RU 
105 |a a z 001zy 
200 1 |a Бизнес со скоростью мысли. Как добиться успеха в информационную эру  |e пер. с англ.  |f Б. Гейтс, К. Хемингуэй 
205 |a 2-е изд., исправл. 
210 |a Москва  |c ЭКСМО-Пресс  |d 2001 
215 |a 477 с.  |c ил. 
320 |a Предм.указ.: с. 462-477. 
606 1 |a Бизнес  |x Теория  |2 stltpush  |3 (RuTPU)RU\TPU\subj\28637  |9 52152 
610 1 |a экономика 
610 1 |a микроэкономика 
610 1 |a бизнес 
610 1 |a информационные технологии 
610 1 |a экономическая кибернетика 
686 |a У012.12  |v LBC/SL-A  |2 rubbk 
700 1 |a Гейтс  |b Б. (У.)  |c американский программист  |c миллиардер  |f 1955-  |g Билл (Уильям)  |2 stltpush  |3 (RuTPU)RU\TPU\pers\9112  |9 1763 
701 1 |a Хемингуэй  |b К.  |g Коллинз 
801 1 |a RU  |b 63413507  |c 20020130  |g PSBO 
801 2 |a RU  |b 63413507  |c 20220817  |g PSBO 
942 |c BK